Personnel management : (Record no. 96048)

MARC details
000 -LEADER
fixed length control field 01280nam a22002777a 4500
005 - DATE AND TIME OF LATEST TRANSACTION
control field 20180215115153.0
010 ## - LCCN (DPL NO)
LC control number 1516EN07 ENG-114701
020 ## - INTERNATIONAL STANDARD BOOK NUMBER
Terms of availability 1500.00
International Standard Book Number 8178662035
020 ## - INTERNATIONAL STANDARD BOOK NUMBER
Terms of availability 1895.00 (AV)
International Standard Book Number 8178662035
035 ## - SYSTEM CONTROL NUMBER
System control number EN-98233
035 ## - SYSTEM CONTROL NUMBER
System control number B-601873-886
037 ## - SOURCE OF ACQUISITION
Stock number dpl
Source of stock number/acquisition Himalaya Publishing House/Ven
037 ## - SOURCE OF ACQUISITION
Source of stock number/acquisition DBAD.PUB
082 ## - DEWEY DECIMAL CLASSIFICATION NUMBER
Classification number 658.3
100 ## - MAIN ENTRY--PERSONAL NAME
Personal name Mamoria, C.B.
245 ## - TITLE STATEMENT
Title Personnel management :
Statement of responsibility, etc by C.B.Mamoria [and] V.S.P. Rao
Remainder of title text and cases /
250 ## - EDITION STATEMENT
Edition statement 30th ed
260 ## - PUBLICATION, DISTRIBUTION, ETC. (IMPRINT)
Place of publication, distribution, etc New Delhi
Name of publisher, distributor, etc Himalaya Publishing House
Date of publication, distribution, etc 2016
270 ## - ADDRESS
Address Pooja Apartments, 4-B, Murari Lal street, Ansari Road, Daryaganj
City New Delhi
Postal code 110002
300 ## - PHYSICAL DESCRIPTION
Extent 852p.
Dimensions 28cm(Hb)
500 ## - GENERAL NOTE
General note Includes index
700 ## - ADDED ENTRY--PERSONAL NAME
Personal name Rao, V.S.P.
942 ## - ADDED ENTRY ELEMENTS (KOHA)
Source of classification or shelving scheme Dewey Decimal Classification
Item type English Books
Call number suffix MAM
Classification part 658.3
Holdings
Withdrawn status Lost status Not for loan Collection code Home library Current library Date acquired Source of acquisition Cost, normal purchase price Full call number Barcode Copy number Cost, replacement price Koha item type Public note
      Non-fiction Andrews Gunj Andrews Gunj 15/03/2016 A451323/29.9.2015/117/16.9.2015/30.9.2015 1500.00 658.3 MAM B-601880 1 1500.00 English Books  
      Non-fiction Ashok Vihar Ashok Vihar 15/02/2018 HPH/A455846/22.2.2017/392/15.2.2017/1.3.2018 1895.00 658.3 MAM B-663722 1 1895.00 English Books  
      Non-fiction Bawana Bawana 15/03/2016 A451323/29.9.2015/117/16.9.2015/30.9.2015 1500.00 658.3 MAM B-601886 1 1500.00 English Books  
      Non-fiction Central Library Central Library 15/03/2016 A451323/29.9.2015/117/16.9.2015/30.9.2015 1500.00 658.3 MAM B-601873 1 1500.00 English Books Legal Case (Register 2019)
    Not For Loan Non-fiction D.B.Act.Division D.B.Act.Division 31/12/2015 DBAD/PUB 1500.00 658.3 MAM EN-98233 1 1500.00 English Books  
      Non-fiction Janak Puri Janak Puri 15/03/2016 A451323/29.9.2015/117/16.9.2015/30.9.2015 1500.00 658.3 MAM B-601877 1 1500.00 English Books  
      Non-fiction Karol Bagh Karol Bagh 15/03/2016 A451323/29.9.2015/117/16.9.2015/30.9.2015 1500.00 658.3 MAM B-601884 1 1500.00 English Books  
      Non-fiction Kasturba Gandhi Marg Kasturba Gandhi Marg 15/03/2016 A451323/29.9.2015/117/16.9.2015/30.9.2015 1500.00 658.3 MAM B-601875 1 1500.00 English Books  
      Non-fiction Narela Narela 15/03/2016 A451323/29.9.2015/117/16.9.2015/30.9.2015 1500.00 658.3 MAM B-601885 1 1500.00 English Books  
      Non-fiction Patel Nagar Patel Nagar 15/03/2016 A451323/29.9.2015/117/16.9.2015/30.9.2015 1500.00 658.3 MAM B-601874 1 1500.00 English Books  
      Non-fiction Peshwa Road Peshwa Road 15/03/2016 A451323/29.9.2015/117/16.9.2015/30.9.2015 1500.00 658.3 MAM B-601876 1 1500.00 English Books  
      Non-fiction R.K.Puram-8 R.K.Puram-8 15/03/2016 A451323/29.9.2015/117/16.9.2015/30.9.2015 1500.00 658.3 MAM B-601879 1 1500.00 English Books  
      Non-fiction Sarojini Nagar Sarojini Nagar 15/03/2016 A451323/29.9.2015/117/16.9.2015/30.9.2015 1500.00 658.3 MAM B-601878 1 1500.00 English Books  
      Non-fiction Sarojini Nagar Sarojini Nagar 15/03/2016 A451323/29.9.2015/117/16.9.2015/30.9.2015 1500.00 658.3 MAM B-601882 1 1500.00 English Books  
      Non-fiction Sriniwas Puri Sriniwas Puri 15/03/2016 A451323/29.9.2015/117/16.9.2015/30.9.2015 1500.00 658.3 MAM B-601881 1 1500.00 English Books  
      Non-fiction Vinoba Puri Vinoba Puri 15/03/2016 A451323/29.9.2015/117/16.9.2015/30.9.2015 1500.00 658.3 MAM B-601883 1 1500.00 English Books  

© Delhi Public Library
Hit Counter
free hit counter